[Event "Rated Blitz game"]
[Site "?"]
[Date "2021.05.10"]
[Round "?"]
[White "Mondano"]
[Black "DarthZannah"]
[Result "1/2-1/2"]
[WhiteElo "2443"]
[BlackElo "2520"]
[PlyCount "105"]
[EventDate "2021.??.??"]
[EventType "blitz"]

1. e4 e5 2. Nf3 d5 3. d4 dxe4 4. Nxe5 Nd7 5. Nc4 Nb6 6. Nc3 Nf6 7. Bg5 Be7 8.
Nxb6 axb6 9. Bc4 O-O 10. O-O Bf5 11. Re1 Re8 12. h3 h6 13. Bh4 c6 14. Qd2 b5
15. Bb3 Qd7 16. Rad1 Rad8 17. a3 Nh7 18. Bxe7 Qxe7 19. Qf4 Qg5 20. Qxg5 Nxg5
21. h4 Ne6 22. d5 Nc5 23. Ba2 Kf8 24. Rd4 Ne6 25. Rdd1 Nf4 26. g3 Ng6 27. dxc6
bxc6 28. Rxd8 Rxd8 29. Rd1 Rxd1+ 30. Nxd1 Ke7 31. Ne3 Bd7 32. Kf1 Ne5 33. Ke2
g5 34. hxg5 hxg5 35. c4 Be6 36. b3 f5 37. cxb5 cxb5 38. Nc2 Nd3 39. Nb4 Nxb4
40. axb4 Kd6 41. Bb1 Bxb3 42. g4 Ke5 43. gxf5 Kxf5 44. f3 Kf4 45. Bxe4 g4 46.
Kf2 Bd1 47. Bc6 Bxf3 48. Bxb5 g3+ 49. Kg1 Ke3 50. Bf1 Bc6 51. b5 Bxb5 52. Bxb5
g2 53. Kxg2 {Normal} 1/2-1/2

[Event "Rated Blitz game"]
[Site "?"]
[Date "2021.05.10"]
[Round "?"]
[White "Gelisim_Satranc"]
[Black "Aldebaraan"]
[Result "1-0"]
[WhiteElo "2452"]
[BlackElo "2281"]
[PlyCount "89"]
[EventDate "2021.??.??"]
[EventType "blitz"]

1. e4 e5 2. Nf3 d5 3. Nc3 d4 4. Ne2 c5 5. Ng3 Nc6 6. Bb5 f6 7. Bxc6+ bxc6 8. d3
Be6 9. O-O Qd7 10. b3 Be7 11. h3 Nh6 12. Nh2 Nf7 13. f4 Qc7 14. a4 O-O 15. f5
Bd7 16. Nh5 Kh8 17. Nf3 Rg8 18. Nh4 g6 19. fxg6 hxg6 20. Nxf6 Qd6 21. Nxg8 Kxg8
22. Nf3 Rf8 23. Qe2 g5 24. Nh2 Qg6 25. Bd2 Nh6 26. Rxf8+ Kxf8 27. Rf1+ Kg8 28.
Kh1 Be6 29. g4 Kg7 30. Rf2 Ng8 31. Nf1 Bf6 32. Ng3 Ne7 33. Nf5+ Bxf5 34. gxf5
Qh6 35. Kh2 Ng8 36. Rg2 Qh4 37. Qg4 Qxg4 38. Rxg4 Nh6 39. Rg3 g4 40. Bxh6+ Kxh6
41. Rxg4 Bg5 42. Rxg5 Kxg5 43. Kg3 a6 44. h4+ Kf6 45. Kg4 {Normal} 1-0

[Event "Rated Blitz game"]
[Site "?"]
[Date "2021.05.10"]
[Round "?"]
[White "Trissi"]
[Black "Razario90"]
[Result "0-1"]
[WhiteElo "2415"]
[BlackElo "2413"]
[PlyCount "58"]
[EventDate "2021.??.??"]
[EventType "blitz"]

1. e4 e5 2. Nf3 d5 3. exd5 e4 4. Qe2 Nf6 5. d3 Qxd5 6. Nbd2 Be7 7. dxe4 Qc5 8.
Qb5+ Nc6 9. Qxc5 Bxc5 10. Bd3 O-O 11. c3 Re8 12. O-O Bg4 13. Re1 Rad8 14. Bc2
Bxf3 15. gxf3 Ne5 16. Kg2 Ng6 17. Nb3 Bd6 18. Nd4 Nh5 19. Nf5 Bf4 20. Ne3 Nh4+
21. Kh3 Nxf3 22. Rd1 Nf6 23. Ng2 Ng5+ 24. Kh4 Bxc1 25. Raxc1 Ngxe4 26. f3 g5+
27. Kh3 Nf2+ 28. Kg3 Nxd1 29. Bxd1 Rd2 {Normal} 0-1

[Event "Rated Blitz game"]
[Site "?"]
[Date "2021.05.10"]
[Round "?"]
[White "sewin16"]
[Black "GoughPhar"]
[Result "0-1"]
[WhiteElo "2418"]
[BlackElo "2429"]
[PlyCount "64"]
[EventDate "2021.??.??"]
[EventType "blitz"]

1. e4 e5 2. Nf3 d5 3. exd5 e4 4. Qe2 Nf6 5. d3 Qxd5 6. Nbd2 Be7 7. dxe4 Qd8 8.
e5 Nd5 9. Qe4 O-O 10. Bd3 f5 11. Qxd5+ Qxd5 12. Bc4 Be6 13. Bxd5 Bxd5 14. O-O
Nc6 15. Re1 Rfe8 16. c4 Be6 17. a3 Rad8 18. b3 g5 19. h4 h6 20. hxg5 hxg5 21.
Nf1 g4 22. Ng5 Bc8 23. Bf4 Nd4 24. Rab1 Kg7 25. e6 Bxg5 26. Bxg5 Rd6 27. e7 Kg6
28. Bf4 Rd7 29. Be5 Rdxe7 30. f4 gxf3 31. Bg3 fxg2 32. Rxe7 gxf1=R+ {Normal}
0-1

[Event "Rated Blitz game"]
[Site "?"]
[Date "2021.05.10"]
[Round "?"]
[White "GarethFail29"]
[Black "GoughPhar"]
[Result "1-0"]
[WhiteElo "2285"]
[BlackElo "2432"]
[PlyCount "53"]
[EventDate "2021.??.??"]
[EventType "blitz"]

1. e4 e5 2. Nf3 d5 3. Nxe5 Bd6 4. d4 dxe4 5. Nc4 Nf6 6. Nc3 O-O 7. Bg5 Nc6 8.
Qd2 Bg4 9. h3 Bh5 10. g4 Bg6 11. O-O-O Re8 12. h4 h6 13. Bxh6 gxh6 14. Qxh6
Nxg4 15. Qd2 Qf6 16. h5 Qxf2 17. Nxd6 cxd6 18. hxg6 e3 19. Qd3 Nb4 20. gxf7+
Qxf7 21. Qb5 Qf4 22. Kb1 Nc6 23. Bc4+ Kg7 24. Rdf1 e2 25. Nxe2 Qe3 26. Rf7+ Kg6
27. Qh5# {Normal} 1-0

[Event "Rated Blitz game"]
[Site "?"]
[Date "2021.05.10"]
[Round "?"]
[White "www68"]
[Black "DonCroccante"]
[Result "0-1"]
[WhiteElo "2521"]
[BlackElo "2371"]
[PlyCount "44"]
[EventDate "2021.??.??"]
[EventType "blitz"]

1. e4 e5 2. Nf3 d5 3. Nxe5 Bd6 4. d4 dxe4 5. Nc4 Nf6 6. Be3 Nc6 7. Be2 O-O 8.
h3 Nd5 9. Nbd2 f5 10. Nxd6 Qxd6 11. Nc4 Qg6 12. g3 b5 13. Ne5 Nxe5 14. dxe5
Nxe3 15. fxe3 Qxg3+ 16. Kf1 f4 17. Qd5+ Kh8 18. Bg4 Bxg4 19. hxg4 fxe3+ 20. Ke2
Qf2+ 21. Kd1 Rad8 22. Rxh7+ Kxh7 {Normal} 0-1

[Event "Rated Blitz game"]
[Site "?"]
[Date "2021.05.10"]
[Round "?"]
[White "ReinoDelCaos"]
[Black "GoughPhar"]
[Result "1-0"]
[WhiteElo "2325"]
[BlackElo "2434"]
[PlyCount "55"]
[EventDate "2021.??.??"]
[EventType "blitz"]

1. e4 e5 2. Nf3 d5 3. exd5 e4 4. Qe2 Nf6 5. d3 Qxd5 6. Nc3 Bb4 7. Bd2 Bxc3 8.
Bxc3 O-O 9. Ne5 Nc6 10. Nxc6 Bg4 11. Ne7+ Kh8 12. Nxd5 Bxe2 13. Nxf6 Bxf1 14.
Nh5 Bxg2 15. Bxg7+ Kg8 16. Rg1 Rfe8 17. Rxg2 exd3+ 18. Kf1 f5 19. Nf6+ Kf7 20.
Nxe8 Rxe8 21. cxd3 Rd8 22. d4 c5 23. Rd1 c4 24. Be5 b5 25. d5 a5 26. Rg7+ Kf8
27. Rxh7 Kg8 28. Rh8+ {Normal} 1-0

[Event "Rated Blitz game"]
[Site "?"]
[Date "2021.05.10"]
[Round "?"]
[White "Trissi"]
[Black "Razario90"]
[Result "1-0"]
[WhiteElo "2404"]
[BlackElo "2422"]
[PlyCount "53"]
[EventDate "2021.??.??"]
[EventType "blitz"]

1. e4 e5 2. Nf3 d5 3. exd5 e4 4. Qe2 Nf6 5. d3 Qxd5 6. Nbd2 Nc6 7. dxe4 Qc5 8.
c3 Be7 9. Qc4 Ng4 10. Qe2 Be6 11. h3 Nf6 12. Nb3 Qh5 13. Nfd4 Qxe2+ 14. Bxe2
Nxe4 15. Nxc6 bxc6 16. Bf3 f5 17. Nd4 Bd7 18. O-O c5 19. Nc2 O-O-O 20. Re1 Bc6
21. Be3 Rhe8 22. b4 Bb7 23. bxc5 Nxc3 24. c6 Ba6 25. Bxa7 Bf6 26. Reb1 Nxb1 27.
Rxb1 {Time forfeit} 1-0

[Event "Rated Blitz game"]
[Site "?"]
[Date "2021.05.10"]
[Round "?"]
[White "TarihselOyunlar"]
[Black "hkn967"]
[Result "0-1"]
[WhiteElo "2362"]
[BlackElo "2440"]
[PlyCount "38"]
[EventDate "2021.??.??"]
[EventType "blitz"]

1. e4 e5 2. Nf3 d5 3. Nxe5 Bd6 4. d4 dxe4 5. Bc4 Bxe5 6. Qh5 Qe7 7. dxe5 Nc6 8.
Bf4 Be6 9. Bxe6 Qxe6 10. Qg5 Nge7 11. Qxg7 Rg8 12. Qxh7 O-O-O 13. O-O Nf5 14.
Qh3 Ncd4 15. Nc3 Rh8 16. Qg4 Rdg8 17. Qd1 Nf3+ 18. Kh1 Qg6 19. Rg1 Qg3 {Normal}
0-1

[Event "Rated Blitz game"]
[Site "?"]
[Date "2021.05.10"]
[Round "?"]
[White "durakitodemedellin"]
[Black "GoughPhar"]
[Result "1-0"]
[WhiteElo "2493"]
[BlackElo "2445"]
[PlyCount "49"]
[EventDate "2021.??.??"]
[EventType "blitz"]

1. e4 e5 2. Nf3 d5 3. Nxe5 Bd6 4. d4 dxe4 5. Bf4 Nf6 6. Nc3 O-O 7. Bc4 Nc6 8.
Nxc6 bxc6 9. Bg3 Nd5 10. O-O Bf5 11. Re1 Re8 12. Bb3 Bb4 13. Nxd5 Bxe1 14. Nxc7
Bb4 15. Nxe8 Qxe8 16. c3 Be7 17. d5 Rd8 18. d6 Qf8 19. Qh5 Bxd6 20. Qxf5 Bxg3
21. hxg3 e3 22. fxe3 Qe7 23. Rf1 Qxe3+ 24. Qf2 Qc5 25. Qxc5 {Normal} 1-0

[Event "Rated Blitz game"]
[Site "?"]
[Date "2021.05.10"]
[Round "?"]
[White "Adta_zalu"]
[Black "artsportscience"]
[Result "1-0"]
[WhiteElo "2286"]
[BlackElo "2407"]
[PlyCount "127"]
[EventDate "2021.??.??"]
[EventType "blitz"]

1. e4 e5 2. Nf3 d5 3. d3 dxe4 4. dxe4 Qxd1+ 5. Kxd1 Nc6 6. Bb5 Bg4 7. Ke2 Nge7
8. h3 Bxf3+ 9. Kxf3 O-O-O 10. c3 f6 11. Be3 a6 12. Ba4 g5 13. Nd2 Ng6 14. g3 h5
15. b4 Nb8 16. Bb3 Bd6 17. Be6+ Nd7 18. a3 Rhe8 19. Bf5 Ne7 20. Be6 Kb8 21. c4
Ng6 22. Bf7 Nh8 23. Bxe8 Rxe8 24. c5 Bf8 25. Rhd1 c6 26. Nc4 Kc7 27. Nd6 Bxd6
28. Rxd6 Nf7 29. Rd3 Re7 30. Rad1 Nd8 31. Rd6 Nf7 32. R6d3 Nd8 33. Ke2 Rh7 34.
a4 Rf7 35. b5 axb5 36. axb5 cxb5 37. Rb1 Ne6 38. Rxb5 Kc6 39. Rdb3 Ndxc5 40.
Bxc5 Nxc5 41. Rb6+ Kc7 42. R3b4 Kc8 43. f3 Na6 44. R4b5 Nb8 45. Rc5+ Nc6 46.
Kd3 Kc7 47. Rbb5 Rd7+ 48. Rd5 Re7 49. Ke3 b6 50. f4 exf4+ 51. gxf4 gxf4+ 52.
Kxf4 Ne5 53. Kf5 Nf3 54. Kxf6 Rxe4 55. Rxh5 Rf4+ 56. Ke6 Nd4+ 57. Ke5 Nxb5 58.
Kxf4 Nd6 59. Rh7+ Kc6 60. Rh6 b5 61. Ke3 Kc5 62. Kd3 Nf5 63. Rh5 b4 64. Rxf5+ {
Normal} 1-0

[Event "Rated Blitz game"]
[Site "?"]
[Date "2021.05.10"]
[Round "?"]
[White "AlexS1993"]
[Black "artsportscience"]
[Result "1-0"]
[WhiteElo "2606"]
[BlackElo "2410"]
[PlyCount "93"]
[EventDate "2021.??.??"]
[EventType "blitz"]

1. e4 e5 2. Nf3 d5 3. d3 dxe4 4. dxe4 Qxd1+ 5. Kxd1 Nc6 6. c3 Bg4 7. Be3 O-O-O+
8. Nbd2 f6 9. Kc2 Bd6 10. b4 b6 11. Ba6+ Kb8 12. Rhb1 Bc8 13. Be2 Nce7 14. a4
g6 15. a5 f5 16. g3 Nf6 17. Ng5 Rdf8 18. Nc4 f4 19. gxf4 exf4 20. Bd4 h6 21.
axb6 axb6 22. Nxd6 hxg5 23. Nxc8 Nxc8 24. e5 Nh5 25. Bf3 c6 26. Bxc6 Kc7 27. b5
g4 28. e6 g3 29. Be5+ Kd8 30. hxg3 fxg3 31. fxg3 Rf2+ 32. Kb3 Re2 33. Rd1+ Ke7
34. Bxh8 Rxe6 35. Rd7+ Kf8 36. Rf1+ Kg8 37. Bd4 Ne7 38. Rxe7 Rxe7 39. Bxb6 Nxg3
40. Rg1 Ne2 41. Rxg6+ Kf7 42. Rd6 Nc1+ 43. Kc2 Ne2 44. Bd5+ Ke8 45. Bc5 Nf4 46.
Bc4 Ne6 47. Rxe6 {Time forfeit} 1-0

[Event "Rated Blitz tournament sSSGK9hc"]
[Site "?"]
[Date "2021.05.10"]
[Round "?"]
[White "Abdulkadar"]
[Black "Future_Is_Meow"]
[Result "0-1"]
[WhiteElo "2200"]
[BlackElo "2670"]
[PlyCount "112"]
[EventDate "2021.??.??"]
[EventType "blitz"]

1. e4 e5 2. Nf3 d5 3. Nxe5 dxe4 4. d4 exd3 5. Bxd3 Bd6 6. Nf3 Nf6 7. O-O O-O 8.
h3 Nc6 9. Bg5 h6 10. Bh4 Be6 11. Nc3 Be7 12. Qe2 a6 13. a3 Nd5 14. Bxe7 Qxe7
15. Rfe1 Rfe8 16. Nxd5 Bxd5 17. Qxe7 Rxe7 18. Rxe7 Nxe7 19. Nd4 Rd8 20. Ne2 c5
21. Nc3 Bc6 22. Be4 b5 23. Re1 b4 24. Bxc6 Nxc6 25. axb4 cxb4 26. Ne4 Kf8 27.
c3 bxc3 28. bxc3 Rd3 29. Rc1 a5 30. Kf1 f5 31. Nc5 Rd5 32. Ne6+ Kf7 33. Nf4 Rd6
34. Ke2 Ne5 35. c4 g5 36. c5 Rd8 37. Nh5 Nc6 38. Ng3 Nd4+ 39. Ke1 a4 40. Rc4 a3
41. Ra4 Rd5 42. f3 Ke6 43. Kf2 Nb5 44. Ra6+ Ke5 45. Ra5 Rxc5 46. Ne2 Kd5 47.
Ke3 Kc6 48. Ra6+ Kd5 49. Ra5 f4+ 50. Kd3 Kc6 51. Ra6+ Kb7 52. Ra4 Rd5+ 53. Kc4
Re5 54. Nd4 Nd6+ 55. Kd3 Re3+ 56. Kd2 Kb6 {Time forfeit} 0-1

[Event "Rated Blitz game"]
[Site "?"]
[Date "2021.05.10"]
[Round "?"]
[White "makeareason"]
[Black "DonCroccante"]
[Result "0-1"]
[WhiteElo "2463"]
[BlackElo "2413"]
[PlyCount "94"]
[EventDate "2021.??.??"]
[EventType "blitz"]

1. e4 e5 2. Nf3 d5 3. exd5 e4 4. Qe2 Nf6 5. Nc3 Be7 6. Nxe4 O-O 7. d3 Nxd5 8.
Bd2 f5 9. Nc3 Bf6 10. Ne5 Bxe5 11. Qxe5 Re8 12. Qxe8+ Qxe8+ 13. Kd1 Nxc3+ 14.
Bxc3 Nc6 15. Kd2 Qg6 16. Re1 Be6 17. h4 Re8 18. g3 Bd5 19. Rxe8+ Qxe8 20. Rg1
Bf3 21. d4 Qe6 22. Bd3 Qd7 23. Ke3 Bd5 24. Re1 a5 25. a3 h6 26. Kd2 Qf7 27. b4
axb4 28. axb4 Bc4 29. b5 Bxd3 30. bxc6 Ba6 31. cxb7 Bxb7 32. Bb4 Qc4 33. Bc5
Be4 34. Rc1 c6 35. Ke3 g5 36. hxg5 hxg5 37. Kd2 Kf7 38. f4 g4 39. Ba7 Ke6 40.
Bc5 Kd5 41. Ba7 Qb4+ 42. Ke2 Bf3+ 43. Ke3 Qc3+ 44. Kf2 Qd2+ 45. Kf1 Qxc1+ 46.
Kf2 Qxc2+ 47. Ke1 Qe2# {Normal} 0-1

[Event "Rated Blitz game"]
[Site "?"]
[Date "2021.05.10"]
[Round "?"]
[White "RondinelleParaiba"]
[Black "jsequera"]
[Result "0-1"]
[WhiteElo "2322"]
[BlackElo "2451"]
[PlyCount "34"]
[EventDate "2021.??.??"]
[EventType "blitz"]

1. e4 e5 2. Nf3 d5 3. d4 dxe4 4. Nxe5 Bd6 5. f4 Nc6 6. Bb5 Bd7 7. Nxd7 Qxd7 8.
d5 Qf5 9. g4 Qf6 10. dxc6 Qh4+ 11. Kf1 Qh3+ 12. Ke1 Qh4+ 13. Kd2 O-O-O 14.
cxb7+ Kb8 15. Qf1 Bb4+ 16. Ke3 Bc5+ 17. Kxe4 Nf6+ {Normal} 0-1

[Event "Rated Rapid game"]
[Site "?"]
[Date "2021.05.10"]
[Round "?"]
[White "IndioBrasileiro"]
[Black "ankara123"]
[Result "1-0"]
[WhiteElo "2451"]
[BlackElo "2267"]
[PlyCount "51"]
[EventDate "2021.??.??"]
[EventType "rapid"]

1. e4 e5 2. Nf3 d5 3. Nxe5 Bd6 4. d4 dxe4 5. Nc3 Bxe5 6. dxe5 Qxd1+ 7. Kxd1
Bg4+ 8. Ke1 Bf5 9. h3 Ne7 10. g4 Bg6 11. Bg2 Nbc6 12. Bf4 O-O-O 13. Rd1 Nd4 14.
Rd2 Nf3+ 15. Bxf3 exf3 16. h4 Rxd2 17. Kxd2 Rd8+ 18. Kc1 h5 19. Bg5 Re8 20.
gxh5 Bxh5 21. Bxe7 Rxe7 22. Re1 Re6 23. Nd5 f6 24. Nf4 Bg4 25. Nxe6 Bxe6 26.
exf6 {Normal} 1-0

[Event "Rated Blitz game"]
[Site "?"]
[Date "2021.05.10"]
[Round "?"]
[White "suslik76"]
[Black "GoughPhar"]
[Result "1-0"]
[WhiteElo "2379"]
[BlackElo "2452"]
[PlyCount "65"]
[EventDate "2021.??.??"]
[EventType "blitz"]

1. e4 e5 2. Nf3 d5 3. exd5 e4 4. Qe2 Nf6 5. d3 Qxd5 6. Nfd2 Be7 7. Nc3 Qa5 8.
Ndxe4 O-O 9. Bd2 Nc6 10. Qd1 Re8 11. Be2 Nd4 12. O-O Qf5 13. Be3 Ne6 14. Nxf6+
Bxf6 15. Rb1 Nf4 16. Bf3 Be5 17. g3 Re6 18. Bxf4 Bxf4 19. gxf4 Rg6+ 20. Kh1
Qxf4 21. Ne4 Rh6 22. Ng3 Qh4 23. Bh5 g6 24. Qd2 Rxh5 25. Nxh5 Qxh5 26. Qf4 Bg4
27. f3 Bh3 28. Rfe1 Qd5 29. b3 h5 30. Re5 Qc6 31. Re7 Bg4 32. Qxf7+ Kh8 33.
Qg7# {Normal} 1-0

[Event "Rated Blitz game"]
[Site "?"]
[Date "2021.05.10"]
[Round "?"]
[White "MIsaudade"]
[Black "Razario90"]
[Result "0-1"]
[WhiteElo "2400"]
[BlackElo "2416"]
[PlyCount "102"]
[EventDate "2021.??.??"]
[EventType "blitz"]

1. e4 e5 2. Nf3 d5 3. exd5 e4 4. Nd4 Qxd5 5. Nb3 Nf6 6. Nc3 Qe5 7. Bc4 Bd6 8.
Qe2 O-O 9. d4 Qf5 10. Be3 Qg6 11. O-O-O Nc6 12. Nd5 Nxd5 13. Bxd5 Nb4 14. Bc4
Nxa2+ 15. Kb1 Nb4 16. h4 h5 17. f3 Bf5 18. Rd2 exf3 19. gxf3 Rfe8 20. Qf2 Bxc2+
21. Rxc2 Rxe3 22. Na1 Rae8 23. Rg1 Bg3 24. Qxg3 Qxg3 25. Rxg3 Re1+ 26. Rc1
Rxc1+ 27. Kxc1 Re1+ 28. Kd2 Rxa1 29. Kc3 Nc6 30. Rg5 Rh1 31. Rxh5 g6 32. Rg5
Kg7 33. Rg4 Ne7 34. Re4 Nf5 35. Re8 Nd6 36. Rb8 Rc1+ 37. Kb3 Rxc4 38. Rxb7 Nxb7
39. Kxc4 Kf6 40. Kb5 Nd8 41. Ka6 Ke6 42. Kxa7 Kd5 43. Kb8 Ne6 44. Kb7 Kxd4 45.
Kc6 Kc4 46. Kd7 Kb3 47. Ke7 Nd4 48. Kxf7 Nxf3 49. Kxg6 Nxh4+ 50. Kg5 c5 51.
Kxh4 Kxb2 {Normal} 0-1

[Event "Rated Blitz game"]
[Site "?"]
[Date "2021.05.10"]
[Round "?"]
[White "divergent_twin"]
[Black "DonCroccante"]
[Result "1-0"]
[WhiteElo "2413"]
[BlackElo "2403"]
[PlyCount "75"]
[EventDate "2021.??.??"]
[EventType "blitz"]

1. e4 e5 2. Nf3 d5 3. Nxe5 Bd6 4. d4 dxe4 5. Bc4 Bxe5 6. Qh5 Qe7 7. Qxe5 Qxe5
8. dxe5 Nc6 9. Nc3 Nxe5 10. Bb3 Ng6 11. Nxe4 f5 12. Nc3 Bd7 13. Be3 O-O-O 14.
O-O-O Nf6 15. f3 a6 16. Bd4 Rhf8 17. Rhe1 f4 18. Nd5 Nxd5 19. Bxd5 Bh3 20. Bxg7
Bxg2 21. Bxf8 Rxf8 22. Be4 Nh4 23. Rd3 h5 24. Kd2 c5 25. c4 Kc7 26. Ke2 b5 27.
cxb5 axb5 28. Kf2 Bh3 29. Rg1 Kb6 30. Rg5 Bf5 31. Rd6+ Ka5 32. Rxh5 Bxe4 33.
Rxh4 Bb1 34. a3 Ka4 35. Rh5 Rc8 36. Rdd5 c4 37. Rxb5 Bd3 38. Rb4# {Normal} 1-0

[Event "Rated Blitz game"]
[Site "?"]
[Date "2021.05.10"]
[Round "?"]
[White "PRO10NEWRON"]
[Black "R_cyclone"]
[Result "1-0"]
[WhiteElo "2541"]
[BlackElo "2283"]
[PlyCount "33"]
[EventDate "2021.??.??"]
[EventType "blitz"]

1. e4 e5 2. Nf3 d5 3. Nxe5 c5 4. exd5 b5 5. Bxb5+ Ke7 6. O-O Kf6 7. d4 Kf5 8.
Bd3+ Kf6 9. Bg5+ Kxg5 10. Nxf7+ Kh4 11. Nxd8 Kg5 12. dxc5 Kf4 13. Nc3 Ke5 14.
Qf3 Kd4 15. Na4 Ke5 16. Rae1+ Kd4 17. Qe4# {Normal} 1-0

[Event "Rated Blitz game"]
[Site "?"]
[Date "2021.05.10"]
[Round "?"]
[White "ThreeC"]
[Black "artsportscience"]
[Result "1-0"]
[WhiteElo "2361"]
[BlackElo "2409"]
[PlyCount "99"]
[EventDate "2021.??.??"]
[EventType "blitz"]

1. e4 e5 2. Nf3 d5 3. exd5 e4 4. Nd4 Qxd5 5. Nb3 f5 6. Nc3 Qe6 7. Be2 Nf6 8.
O-O Bd6 9. f4 O-O 10. Nd4 Qe7 11. Kh1 Bd7 12. d3 Nc6 13. Ndb5 a6 14. Nxd6 cxd6
15. dxe4 fxe4 16. Nd5 Nxd5 17. Qxd5+ Kh8 18. Be3 Rac8 19. c3 Rf5 20. Qd2 d5 21.
Bg4 Rff8 22. f5 Ne5 23. Bh3 Nd3 24. Bd4 Rcd8 25. Rad1 Bb5 26. Qe3 Ne5 27. Rf4
Qf6 28. Qg3 Rfe8 29. Rh4 Bd3 30. Rh5 Re7 31. Re1 Rde8 32. Be3 Nf7 33. Bd4 Ne5
34. Be3 Nf7 35. Bg4 Kg8 36. Bd4 Ne5 37. Bh3 h6 38. Rh4 Qg5 39. Qf2 Kh7 40. f6
Qxf6 41. Rf4 Qg5 42. Rf5 Qg6 43. Rf4 Qg5 44. Rf8 Rxf8 45. Qxf8 Rf7 46. Qd6 Ng4
47. Qe6 Qf4 48. Bxg4 e3 49. Bf3 e2 50. Be3 {Time forfeit} 1-0

[Event "Rated Blitz game"]
[Site "?"]
[Date "2021.05.10"]
[Round "?"]
[White "FutureFM04"]
[Black "hkn967"]
[Result "1-0"]
[WhiteElo "2385"]
[BlackElo "2445"]
[PlyCount "59"]
[EventDate "2021.??.??"]
[EventType "blitz"]

1. e4 e5 2. Nf3 d5 3. exd5 e4 4. Qe2 Nf6 5. d3 Qxd5 6. dxe4 Qxe4 7. Nc3 Qxe2+
8. Bxe2 Bb4 9. Bd2 O-O 10. O-O-O Nc6 11. a3 Bc5 12. Rhf1 Re8 13. h3 Bf5 14. Bb5
a6 15. Bxc6 bxc6 16. Bf4 Bb6 17. Ne5 Nd5 18. Nxd5 cxd5 19. Rxd5 Be4 20. Rd7
Bxg2 21. Rg1 Bxh3 22. Rxf7 g6 23. Rf6 Re6 24. Rxe6 Bxe6 25. Bg3 Rf8 26. Re1 g5
27. Ng6 Rf6 28. Ne7+ Kf8 29. Nc6 h5 30. Nd8 {Time forfeit} 1-0

[Event "Rated Blitz game"]
[Site "?"]
[Date "2021.05.10"]
[Round "?"]
[White "BughouseKnight"]
[Black "Jomajo"]
[Result "1-0"]
[WhiteElo "2529"]
[BlackElo "2685"]
[PlyCount "101"]
[EventDate "2021.??.??"]
[EventType "blitz"]

1. e4 e5 2. Nf3 d5 3. Nxe5 Bd6 4. d4 dxe4 5. Nc4 Nc6 6. Nc3 Nf6 7. Bg5 h6 8.
Bh4 O-O 9. Be2 Bf5 10. O-O Nxd4 11. Nxd6 Qxd6 12. Bg3 Qd8 13. Be5 Nc6 14. Bg3
Qe7 15. Bh4 g5 16. Bg3 Rad8 17. Qc1 Nd4 18. Bd1 c6 19. Re1 Rfe8 20. h4 Nd5 21.
hxg5 Qxg5 22. Nxd5 cxd5 23. Bf4 Qg6 24. Bxh6 Nf3+ 25. Bxf3 exf3 26. Qg5 Bxc2
27. gxf3 d4 28. Qxg6+ fxg6 29. Bg5 Rc8 30. Bd2 Kf7 31. Kg2 Bf5 32. Rxe8 Kxe8
33. Rh1 Rc2 34. Rh8+ Kd7 35. Rh7+ Kc6 36. Bf4 d3 37. Rc7+ Kb6 38. Rxc2 dxc2 39.
Kf1 Kc5 40. Ke2 Kc4 41. Kd2 a5 42. Bc7 a4 43. Bd6 b5 44. a3 Kb3 45. Be5 Ka2 46.
Kc1 Kb3 47. Bc3 Kc4 48. Kd2 Kd5 49. Bg7 Bd3 50. Bh6 Ke6 51. Kxd3 {Normal} 1-0

[Event "Rated Blitz game"]
[Site "?"]
[Date "2021.05.10"]
[Round "?"]
[White "Wilsonpalencia"]
[Black "DonCroccante"]
[Result "1-0"]
[WhiteElo "2454"]
[BlackElo "2370"]
[PlyCount "95"]
[EventDate "2021.??.??"]
[EventType "blitz"]

1. e4 e5 2. Nf3 d5 3. d3 dxe4 4. dxe4 Qxd1+ 5. Kxd1 Nc6 6. Bb5 Bd7 7. Bxc6 Bxc6
8. Nxe5 Bxe4 9. Re1 O-O-O+ 10. Bd2 Bd5 11. Nc3 Be6 12. Kc1 Bd6 13. Nd3 Nf6 14.
Bg5 Be7 15. f3 h6 16. Bh4 g5 17. Bf2 a6 18. a4 Bd6 19. b3 Bxh2 20. g3 Nh5 21.
Rh1 Rxd3 22. cxd3 Bxg3 23. Rxh5 Bxf2 24. Kc2 Bd4 25. Rah1 Bg7 26. Ne4 Re8 27.
R5h2 Bd5 28. Re2 f5 29. Nd6+ cxd6 30. Rxe8+ Kd7 31. Rhe1 Bd4 32. R8e7+ Kc6 33.
Rh7 Bxf3 34. Rxh6 f4 35. Rg6 g4 36. Rf1 Be3 37. Rf6 Kd5 38. Rf7 Ke5 39. b4 Be2
40. Re1 f3 41. b5 axb5 42. axb5 g3 43. Rxb7 g2 44. Re7+ Kf4 45. Re4+ Kg3 46.
Rxe3 Kf2 47. R3xe2+ fxe2 48. Kd2 {Time forfeit} 1-0

[Event "Rated Blitz game"]
[Site "?"]
[Date "2021.05.10"]
[Round "?"]
[White "RomanHerrmann26"]
[Black "DonCroccante"]
[Result "1-0"]
[WhiteElo "2417"]
[BlackElo "2387"]
[PlyCount "119"]
[EventDate "2021.??.??"]
[EventType "blitz"]

1. e4 e5 2. Nf3 d5 3. exd5 e4 4. Qe2 Nf6 5. Nc3 Be7 6. Nxe4 O-O 7. d3 Nxd5 8.
Bd2 f5 9. Nc3 Bf6 10. Nxd5 Qxd5 11. d4 Nc6 12. O-O-O Be6 13. c4 Qd7 14. d5 Bf7
15. dxc6 Qxc6 16. Bc3 Bxc3 17. bxc3 Qa4 18. Qc2 Qa3+ 19. Qb2 Qa5 20. Nd4 b5 21.
cxb5 a6 22. Nb3 Qb6 23. bxa6 Rfb8 24. Rd4 c5 25. Ra4 Qc6 26. Rc4 Bxc4 27. Bxc4+
Kh8 28. f3 Qc7 29. Rd1 Qxh2 30. Kb1 Qf4 31. Qe2 Re8 32. Qd3 h6 33. Ka1 Rad8 34.
Qxd8 Rxd8 35. Rxd8+ Kh7 36. a7 Qxc4 37. a8=Q Qxc3+ 38. Kb1 Qe1+ 39. Kb2 Qe5+
40. Ka3 c4 41. Qa5 Qe7+ 42. Qb4 Qxd8 43. Qxc4 Qa8+ 44. Kb2 Qe8 45. Qc2 Qg6 46.
g4 h5 47. gxf5 Qg5 48. f6+ g6 49. f7 Qf6+ 50. Qc3 Qxf7 51. Nd4 Qf5 52. Nxf5
gxf5 53. Qe5 Kg6 54. Qe6+ Kg5 55. Qe5 h4 56. f4+ Kg4 57. Qg7+ Kf3 58. Qh6 Ke4
59. Qg5 h3 60. Qh4 {Time forfeit} 1-0

[Event "Rated Blitz game"]
[Site "?"]
[Date "2021.05.10"]
[Round "?"]
[White "marcoebasta"]
[Black "hkn967"]
[Result "0-1"]
[WhiteElo "2345"]
[BlackElo "2425"]
[PlyCount "102"]
[EventDate "2021.??.??"]
[EventType "blitz"]

1. e4 e5 2. Nf3 d5 3. exd5 e4 4. Nd4 Qxd5 5. Nb3 Nc6 6. Nc3 Qe5 7. Qe2 Bf5 8.
Qb5 O-O-O 9. Qxe5 Nxe5 10. Be2 Nf6 11. O-O h5 12. f3 exf3 13. Bxf3 Nxf3+ 14.
Rxf3 Bxc2 15. d4 Bxb3 16. axb3 a6 17. Be3 Ng4 18. Bg5 f6 19. Be3 Nxe3 20. Rxe3
Rxd4 21. Re8+ Rd8 22. Rxd8+ Kxd8 23. Rd1+ Bd6 24. Ne4 Ke7 25. Re1 Kd7 26. Rd1
Re8 27. Nxd6 cxd6 28. Kf2 Re5 29. Rd4 g5 30. g3 Ke6 31. h4 g4 32. Rc4 Rb5 33.
b4 d5 34. Rf4 f5 35. Ke3 Ke5 36. Kd3 a5 37. bxa5 Rxa5 38. Rb4 b5 39. Rb3 f4 40.
gxf4+ Kxf4 41. Kd4 Ra4+ 42. Kxd5 g3 43. Rc3 g2 44. Rc1 Rb4 45. Ke6 Kg4 46. Kf6
Kxh4 47. Kg6 Kg4 48. Kf6 h4 49. Ke5 h3 50. Kd5 h2 51. Kc5 Rxb2 {Normal} 0-1

[Event "Rated Blitz tournament G0R3cWhN"]
[Site "?"]
[Date "2021.05.10"]
[Round "?"]
[White "Horwax08"]
[Black "CristianS27"]
[Result "0-1"]
[WhiteElo "2208"]
[BlackElo "2432"]
[PlyCount "22"]
[EventDate "2021.??.??"]
[EventType "blitz"]

1. e4 e5 2. Nf3 d5 3. exd5 e4 4. Qe2 Nf6 5. d3 Bb4+ 6. Bd2 O-O 7. Bxb4 exf3 8.
Qxf3 Re8+ 9. Be2 Bg4 10. Qg3 Bxe2 11. Nd2 Nxd5 {Normal} 0-1

[Event "Rated Blitz game"]
[Site "?"]
[Date "2021.05.10"]
[Round "?"]
[White "Mortatill"]
[Black "Jomajo"]
[Result "0-1"]
[WhiteElo "2749"]
[BlackElo "2669"]
[PlyCount "106"]
[EventDate "2021.??.??"]
[EventType "blitz"]

1. e4 e5 2. Nf3 d5 3. Bb5+ c6 4. Bd3 Bd6 5. O-O Nf6 6. Nc3 d4 7. Ne2 O-O 8. a4
h6 9. Ng3 Be6 10. Re1 c5 11. b3 Nc6 12. Bc4 Qd7 13. Nh4 Bg4 14. Be2 g6 15. Bxg4
Qxg4 16. Nf3 d3 17. cxd3 Rac8 18. Bb2 Qe6 19. Nf1 Rfd8 20. Ne3 Bf8 21. Nc4 Bd6
22. Bc3 Bb8 23. Qc2 b6 24. Qb2 Re8 25. h3 Rcd8 26. Re3 Nh5 27. Ne1 Nf4 28. Rf3
Ne2+ 29. Kf1 Ned4 30. Rg3 Kh7 31. Nc2 f5 32. Re3 f4 33. Bxd4 exd4 34. Rf3 Bc7
35. Re1 a6 36. N2a3 Rb8 37. e5 b5 38. axb5 axb5 39. Rxf4 bxc4 40. dxc4 Bxe5 41.
Nb5 Qd7 42. Rfe4 Bg7 43. Qb1 Nb4 44. d3 Rxe4 45. Rxe4 Rf8 46. Qd1 Rf7 47. Qe2
Qf5 48. f3 Qg5 49. Kg1 Qc1+ 50. Kh2 Qc2 51. Nd6 Qxe2 52. Rxe2 Rd7 53. Ne4 Nxd3
{Time forfeit} 0-1